Conservation Status Categories - Statistics

General Stats
  • This quiz has been taken 7 times
  • The average score is 6 of 10
Answer Stats
Answer % Correct
Endangered
86%
Extinct
86%
Critically Endangered
71%
Extinct in the wild
71%
Least Concern
71%
Near Threatened
71%
Data Deficient
43%
Vulnerable
43%
Conservation Dependent
14%
Not Evaluated
14%
No matching quizzes found
Score Distribution
Percent of People with Each Score
Percentile by Number Answered
Your Score History
You have not taken this quiz